LEADER 01807nam0 22003731i 450 001 UON00322979 005 20231205104148.348 010 $a36-313-2157-0 100 $a20090417d1997 |0itac50 ba 101 $ager 102 $aDE 105 $a|||| 1|||| 200 1 $aKonstanz und Wandel von Stereotypen$eDeutschlandbilder in der italienischen Presse nach dem Zweiten Weltkrieg$fEva Sabine Kuntz 210 $aFrankfurt am Main [etc.]$cPeter Lang$d1997 215 $a450 p.$d21 cm. 316 $aDono del Goethe-Institut di Napoli. - Ex n.inv.: 99/438$5IT-UONSI F. Goethe7KUN/0303 410 1$1001UON00322980$12001 $aItalien in Geschichte und Gegenwart$1210 $aFrankfurt am Main$cP. Lang.$vBd. 9 606 $aGermania$xOpinione pubblica$xItalia$3UONC071490$2FI 606 $aGermania$xRelazioni con l'Italia$3UONC071495$2FI 606 $aItalia$xGoverno. 1945-$3UONC071493$2FI 606 $aItalia$xPolitica. 1945-$3UONC071492$2FI 606 $aItalia$xRelazioni$xGermania$3UONC071491$2FI 606 $aOpinione pubblica$xItalia$xStoria$xSec. 20.$3UONC071489$2FI 606 $aStampa politica$xItalia$xStoria$xSec. 20.$3UONC071494$2FI 620 $aDE$dFrankfurt am Main$3UONL003175 676 $a945$cSTORIA D'ITALIA$v21 700 1$aKUNTZ$bEva Sabine$3UONV184024$0699475 712 $aPeter Lang$3UONV246217$4650 801 $aIT$bSOL$c20260410$gRICA 899 $aSIBA - SISTEMA BIBLIOTECARIO DI ATENEO E ARCHIVIO STORICO$2UONSI 912 $aUON00322979 950 $aSIBA - SISTEMA BIBLIOTECARIO DI ATENEO E ARCHIVIO STORICO$dSI F. Goethe 7 KUN 0303 $eSI LO 72334 5 0303 Dono del Goethe-Institut di Napoli. - Ex n.inv.: 99/438 996 $aKonstanz und Wandel von Stereotypen$91371991 997 $aUNIOR